Теоретическая физика.Часть 2: электронный курс

書誌詳細
第一著者: Лисок А. Л. Александр Леонидович
団体著者: Национальный исследовательский Томский политехнический университет Физико-технический институт Кафедра высшей математики и математической физики
その他の著者: Мастеров И. В. Иван Викторович
要約:Заглавие с экрана
Рассматриваемая дисциплина является обязательной профессиональной дисциплиной (ОД.А.01.03) учебного плана подготовки аспирантов по профилю 01.04.02 - «Теоретическая физика». Целями освоения дисциплины «Теоретическая физика» являются: получение аспирантами основополагающих представлений об основных подходах к описанию реальных физических процессов и явлений, как на классическом, так и на квантовом уровне; формирование у аспирантов систематических знаний о методах решения практических задач теоретической физики на основе современных математических моделей описания физических объектов; развитие научного мышления и создание фундаментальной базы для дальнейшей успешной профессиональной деятельности в областях, связанных с текущими исследованиями аспирантов.
Доступ по логину и паролю
言語:ロシア語
出版事項: Томск, TPU Moodle, 2017
主題:
オンライン・アクセス:https://design.lms.tpu.ru/course/view.php?id=1720
フォーマット: MixedMaterials 電子媒体 図書
KOHA link:https://koha.lib.tpu.ru/cgi-bin/koha/opac-detail.pl?biblionumber=667052

MARC

LEADER 00000nlm0a2200000 4500
001 667052
005 20231228141859.0
035 |a (RuTPU)RU\TPU\network\38256 
035 |a RU\TPU\network\38255 
090 |a 667052 
100 |a 20220218d2017 m y0rusy50 ca 
101 0 |a rus 
102 |a RU 
105 |a a j 000zy 
135 |a jrcn ---uucaa 
181 0 |a i  
182 0 |a b 
200 1 |a Теоретическая физика.Часть 2  |e электронный курс  |f А. Л. Лисок, И. В. Мастеров  |g Национальный исследовательский Томский политехнический университет, Физико-технический институт, Кафедра высшей математики и математической физики 
203 |a Текст  |c электронный 
210 |a Томск  |c TPU Moodle  |d 2017 
300 |a Заглавие с экрана 
330 |a Рассматриваемая дисциплина является обязательной профессиональной дисциплиной (ОД.А.01.03) учебного плана подготовки аспирантов по профилю 01.04.02 - «Теоретическая физика». Целями освоения дисциплины «Теоретическая физика» являются: получение аспирантами основополагающих представлений об основных подходах к описанию реальных физических процессов и явлений, как на классическом, так и на квантовом уровне; формирование у аспирантов систематических знаний о методах решения практических задач теоретической физики на основе современных математических моделей описания физических объектов; развитие научного мышления и создание фундаментальной базы для дальнейшей успешной профессиональной деятельности в областях, связанных с текущими исследованиями аспирантов. 
333 |a Доступ по логину и паролю 
606 1 |a Физика теоретическая  |2 stltpush  |3 (RuTPU)RU\TPU\subj\63728  |9 80703 
610 1 |a электронный ресурс 
610 1 |a труды учёных ТПУ 
610 1 |a электронное обучение 
610 1 |a электронные курсы ТПУ 
610 1 |a электронные учебные пособия 
610 1 |a квантовая механика 
610 1 |a статистическая физика 
675 |a 530.1(075.8)  |v 4 
700 1 |a Лисок  |b А. Л.  |c физик  |c доцент Томского политехнического университета, кандидат физико-математических наук  |f 1981-  |g Александр Леонидович  |3 (RuTPU)RU\TPU\pers\25579  |9 11509 
701 1 |a Мастеров  |b И. В.  |c физик  |c инженер-исследователь, старший преподаватель Томского политехнического университета, кандидат физико-математических наук  |f 1987-  |g Иван Викторович  |3 (RuTPU)RU\TPU\pers\30901  |9 15139 
712 0 2 |a Национальный исследовательский Томский политехнический университет  |b Физико-технический институт  |b Кафедра высшей математики и математической физики  |3 (RuTPU)RU\TPU\col\18727 
801 2 |a RU  |b 63413507  |c 20220727  |g RCR 
856 4 |u https://design.lms.tpu.ru/course/view.php?id=1720 
942 |c CF